000 00840nam a22003017a 4500
001 BR2015005666
003 BR-BrBNA
005 20230928104730.0
007 ta
008 230509b bl.||||| |||| 00| 0 por d
040 _aBR-BrBNA
_bpor
_cBiblioteca Nacional de Agricultura
041 _a(Por)
072 _aA50; E14
090 _ A50 BR2015005666
110 1 _aEMBRAPA Semiárido, Petrolina, PE (Brasil)
_93727
245 1 _aEmbrapa semiárido: conhecimento, tecnologia e inovação
_bPortfólio
250 1 _a1. ed.
260 3 _aPetrolina, PE (Brasil):
_c2014.
300 _a83 p.
500 _a34 illus
650 _aDESENVOLVIMENTO SUSTENTÁVEL
650 _aPESQUISA AGRÍCOLA
650 _aTECNOLOGIA
650 _aINOVAÇÃO
650 _aBIODIVERSIDADE
909 _a202309
_bLucia
_c55
_dLucia Elande
942 _cBK
999 _c81447
_d81447